| 000 | 01111nam a2200277 i 4500 | ||
|---|---|---|---|
| 001 | 188831 | ||
| 003 | SpMaBN | ||
| 005 | 20250730063201.0 | ||
| 008 | 190218s1994 sp a |||| |dspa d | ||
| 020 | _a84-87819-65-6 | ||
| 080 | _a929 Sarmiento, Martín | ||
| 100 | 1 |
_aFilgueira Valverde, José, _d1906-1996 _950833 |
|
| 245 | 1 | 0 |
_aFray Martín Sarmiento (1695-1772) / _cpor José Filgueira Valverde. |
| 250 | _a1ª ed. | ||
| 260 |
_aLa Coruña : _bFundación Pedro Barrié de la Maza, _c1994. |
||
| 300 |
_a141 p. : _bil. n. ; _c23 cm. |
||
| 490 | 1 | _aIlustrados, sociólogos y economistas gallegos | |
| 504 | _aBibliografía: p. 105-122. | ||
| 600 | 0 | 4 |
_aMartín Sarmiento, _cFray, _d1695-1772 _9166281 |
| 710 | 2 |
_aFundación Pedro Barrié de la Maza, Conde de Fenosa _9176439 |
|
| 830 | 0 | 0 |
_aIlustrados, sociólogos y economistas gallegos _9193139 |
| 852 |
_aES-MaACL _jA-14351 _9195965 _bR.151643 _cDEPO1 _dOlim: N-7351 _hDonación: Fundación Barrié |
||
| 914 |
_aFundación Pedro Barrié de la Maza, Conde de Fenosa _ednr _9176439 |
||
| 942 |
_2udc _cMONOGRAFIA |
||
| 999 |
_c188831 _d188831 |
||